Indian Penal Code/ (Record no. 200475)
[ view plain ]
| 000 -LEADER | |
|---|---|
| fixed length control field | 00830nam a22002057a 4500 |
| 005 - DATE AND TIME OF LATEST TRANSACTION | |
| control field | 20240131172154.0 |
| 010 ## - LCCN (DPL NO) | |
| LC control number | ENG-139064-67 |
| 020 ## - INTERNATIONAL STANDARD BOOK NUMBER | |
| Terms of availability | 8995.00 |
| International Standard Book Number | 9789395116190(Set Of 4) |
| 035 ## - SYSTEM CONTROL NUMBER | |
| System control number | EN-122596-99 |
| 037 ## - SOURCE OF ACQUISITION | |
| Source of stock number/acquisition | DBAD/PUB |
| 082 ## - DEWEY DECIMAL CLASSIFICATION NUMBER | |
| Classification number | 347.54 |
| Edition number | 13 |
| 100 ## - MAIN ENTRY--PERSONAL NAME | |
| Personal name | Nelson R A |
| 245 00 - TITLE STATEMENT | |
| Title | Indian Penal Code/ |
| Statement of responsibility, etc | By R A Nelson |
| 260 ## - PUBLICATION, DISTRIBUTION, ETC. (IMPRINT) | |
| Place of publication, distribution, etc | Gurgaon |
| Name of publisher, distributor, etc | Lexis Nexis |
| Date of publication, distribution, etc | 2023 |
| 270 ## - ADDRESS | |
| Address | 14th Floor, Building. No.10, Tower-B, DLF Cyber City, Phase-II |
| City | Gurgaon |
| Postal code | 122002 |
| Fax number | +911244774100 |
| Telephone number | +911244774444 |
| Electronic mail address | help.in@lexisnexis.com |
| 300 ## - PHYSICAL DESCRIPTION | |
| Extent | clxxxiii,cliv,clxxxv,dxxiv4331p. |
| Dimensions | 25cm(pbk) |
| 490 ## - SERIES STATEMENT | |
| Series statement | Set of 4 Volumes |
| Volume number/sequential designation | Vol 1 Section 1 to 171 |
| -- | Vol 2 Section 171A to 302 |
| -- | Vol 3 Section 303 to 428 |
| -- | Vol 4 Section 429 to 511 |
| 500 ## - GENERAL NOTE | |
| General note | Includes bibliographical references |
| 942 ## - ADDED ENTRY ELEMENTS (KOHA) | |
| Source of classification or shelving scheme | Dewey Decimal Classification |
| Item type | English Books |
| Classification part | 345.54 |
| Call number suffix | NEL |
| Withdrawn status | Lost status | Materials specified (bound volume or other part) | Not for loan | Collection code | Home library | Current library | Date acquired | Source of acquisition | Cost, normal purchase price | Full call number | Barcode | Copy number | Cost, replacement price | Koha item type |
|---|---|---|---|---|---|---|---|---|---|---|---|---|---|---|
| Vol 1 | Not For Loan | Reference | Sarojini Nagar | Sarojini Nagar | 31/01/2024 | DBAD/PUB | 2248.75 | 345.54 NEL | EN-122596 | 1 | 2248.75 | English Books | ||
| Vol 2 | Not For Loan | Reference | Sarojini Nagar | Sarojini Nagar | 31/01/2024 | DBAD/PUB | 2248.75 | 345.54 NEL | EN-122597 | 1 | 2248.75 | English Books | ||
| Vol 3 | Not For Loan | Reference | Sarojini Nagar | Sarojini Nagar | 31/01/2024 | DBAD/PUB | 2248.75 | 345.54 NEL | EN-122598 | 1 | 2248.75 | English Books | ||
| Vol 4 | Not For Loan | Reference | Sarojini Nagar | Sarojini Nagar | 31/01/2024 | DBAD/PUB | 2248.75 | 345.54 NEL | EN-122599 | 1 | 2248.75 | English Books |
